[Event "4NCL/Div1/SLOS1 vs. RIC"]
[Site "Sunningdale ENG"]
[Date "2008.05.03"]
[Round "9.4"]
[White "Wall, Gavin"]
[Black "Muter, Donny"]
[Result "1/2-1/2"]
[WhiteElo "2308"]
[BlackElo "2211"]
[PlyCount "20"]
[EventDate "2008.05.03"]
[EventCountry "ENG"]
[SourceDate "2007.09.15"]

1. e4 c5 2. Nf3 a6 3. c4 Nc6 4. d4 cxd4 5. Nxd4 d6 6. Nc3 Nf6 7. Be2 g6 8. O-O
Bg7 9. Be3 Nxd4 10. Bxd4 O-O 1/2-1/2

[Event "4NCL/Div1/SLOS1 vs. RIC"]
[Site "Sunningdale ENG"]
[Date "2008.05.03"]
[Round "9.5"]
[White "Marlow, Michael"]
[Black "Bisby, Daniel L"]
[Result "0-1"]
[WhiteElo "2253"]
[BlackElo "2279"]
[PlyCount "54"]
[EventDate "2008.05.03"]
[EventCountry "ENG"]
[SourceDate "2007.09.15"]

1. e4 c5 2. Nf3 Nc6 3. Bb5 Qb6 4. Qe2 e6 5. O-O a6 6. Bxc6 Qxc6 7. d4 cxd4 8.
Nxd4 Qc7 9. Nc3 b5 10. a3 Bb7 11. Bg5 Bd6 12. Nf3 Ne7 13. e5 Bc5 14. Ne4 Bxe4
15. Qxe4 O-O 16. b4 d5 17. Qg4 Bb6 18. h4 Nf5 19. h5 h6 20. Bf4 Rac8 21. Rac1
Qc3 22. Bd2 Qb2 23. c3 Rc4 24. Qh3 Rfc8 25. Rb1 Qc2 26. Rbc1 Qd3 27. g4 Nh4 0-1

[Event "4NCL/Div1/SLOS1 vs. RIC"]
[Site "Sunningdale ENG"]
[Date "2008.05.03"]
[Round "9.7"]
[White "Van Weersel, Arlette"]
[Black "Mitchem, Nicholas D (reserve"]
[Result "1-0"]
[WhiteElo "2203"]
[BlackElo "2023"]
[PlyCount "87"]
[EventDate "2008.05.03"]
[EventCountry "ENG"]
[SourceDate "2007.09.15"]

1. e4 c5 2. c4 Nc6 3. Ne2 e6 4. Nbc3 d6 5. d4 cxd4 6. Nxd4 Nf6 7. Nb3 Be7 8.
Be2 O-O 9. O-O b6 10. Bf4 Bb7 11. f3 Ne5 12. Rc1 Rc8 13. Nb5 a6 14. N5d4 Ng6
15. Be3 d5 16. exd5 exd5 17. Nf5 dxc4 18. Bxc4 b5 19. Be2 Qxd1 20. Nxe7+ Nxe7
21. Rfxd1 Ned5 22. Bf2 Nf4 23. Bf1 Rxc1 24. Rxc1 Rc8 25. Rxc8+ Bxc8 26. Nc5
N6d5 27. a4 Nc7 28. Bg3 g5 29. Kf2 bxa4 30. Ke3 Nce6 31. Nxa4 Bb7 32. Kd2 Nd5
33. Bd6 a5 34. Nc5 Nxc5 35. Bxc5 Kg7 36. Kc2 Bc6 37. Kb3 Kf6 38. Kc4 Nc7 39.
Bd4+ Ke6 40. Kc5 Kd7 41. Bc3 Nd5 42. Bxa5 Ne3 43. Bd3 Nxg2 44. Bf5+ 1-0

[Event "4NCL/Div1/SLOS1 vs. RIC"]
[Site "Sunningdale ENG"]
[Date "2008.05.03"]
[Round "9.8"]
[White "Chevannes, Sabrina"]
[Black "de Coverly, Roger"]
[Result "1/2-1/2"]
[WhiteElo "2075"]
[BlackElo "2081"]
[PlyCount "80"]
[EventDate "2008.05.03"]
[EventCountry "ENG"]
[SourceDate "2007.09.15"]

1. d4 Nf6 2. Nf3 e6 3. c3 c5 4. e3 b6 5. Bd3 Bb7 6. Nbd2 cxd4 7. exd4 Be7 8.
O-O O-O 9. Re1 d6 10. Ne4 Nxe4 11. Bxe4 Bxe4 12. Rxe4 Nd7 13. Qe2 d5 14. Re3
Qc7 15. Ne5 Nxe5 16. dxe5 Rfc8 17. Rg3 Qc4 18. Qh5 Qh4 19. Qf3 Rc4 20. Be3 Rac8
21. Rd1 Qe4 22. Bd4 Qxf3 23. Rxf3 b5 24. g3 a5 25. a3 R4c6 26. Kg2 Bc5 27. Bxc5
Rxc5 28. Rd4 Rc4 29. Rfd3 Kf8 30. f4 Ke7 31. Kf3 b4 32. axb4 axb4 33. Rxc4 Rxc4
34. Rd4 Kd7 35. Rxc4 dxc4 36. cxb4 Kc6 37. Ke4 Kb5 38. g4 Kxb4 39. Kd4 g6 40.
h3 Kb5 1/2-1/2

[Event "4NCL/Div1/BAR1 vs. WGR"]
[Site "Sunningdale ENG"]
[Date "2008.05.03"]
[Round "9.1"]
[White "Collinson, Adam"]
[Black "Turner, Matthew J"]
[Result "1/2-1/2"]
[WhiteElo "2384"]
[BlackElo "2486"]
[PlyCount "94"]
[EventDate "2008.05.03"]
[EventCountry "ENG"]
[SourceDate "2007.09.15"]

1. e4 e5 2. Nf3 Nc6 3. Nc3 Nf6 4. Bb5 Nd4 5. Nxd4 exd4 6. e5 dxc3 7. exf6 Qxf6
8. dxc3 c6 9. Bd3 d5 10. O-O Be6 11. Qh5 Be7 12. Be3 Qh4 13. Qxh4 Bxh4 14. f4
O-O 15. f5 Bd7 16. Bd4 Rfe8 17. f6 g6 18. g3 Bg5 19. Rfe1 b6 20. h4 Bh6 21. Kf2
Bf8 22. c4 dxc4 23. Bxc4 Bf5 24. c3 Rad8 25. Rxe8 Rxe8 26. Re1 Rxe1 27. Kxe1
Bd6 28. Kf2 c5 29. Be3 Be5 30. Bf4 Bxf4 31. gxf4 Be6 32. Bd3 Bxa2 33. f5 gxf5
34. Bxf5 Be6 35. Be4 h6 36. Ke3 a5 37. Bc6 Kh7 38. Be4+ Kg8 39. Bc6 Bc4 40. Kf4
Bd3 41. Bd5 b5 42. Ke5 b4 43. Kd6 a4 44. cxb4 cxb4 45. Kc5 a3 46. bxa3 bxa3 47.
Kb4 Be4 1/2-1/2

[Event "4NCL/Div1/BAR1 vs. WGR"]
[Site "Sunningdale ENG"]
[Date "2008.05.03"]
[Round "9.2"]
[White "Baburin, Alexander"]
[Black "Ferguson, Mark"]
[Result "1-0"]
[WhiteElo "2542"]
[BlackElo "2406"]
[PlyCount "69"]
[EventDate "2008.05.03"]
[EventCountry "ENG"]
[SourceDate "2007.09.15"]

1. d4 d5 2. c4 c6 3. Nf3 Nf6 4. e3 Bf5 5. Nc3 e6 6. Nh4 Bg6 7. Nxg6 hxg6 8. g3
Nbd7 9. Bg2 dxc4 10. Qe2 Nb6 11. O-O Bb4 12. Rd1 Qe7 13. a3 Bxc3 14. bxc3 Nfd5
15. Qc2 O-O 16. e4 Nf6 17. a4 Rfc8 18. Rb1 Rd8 19. a5 Nc8 20. Bg5 Qc7 21. e5
Rd5 22. h4 Nh7 23. Bxd5 exd5 24. Bf4 Qe7 25. e6 f5 26. h5 gxh5 27. Qxf5 b5 28.
axb6 Nxb6 29. Re1 Nf6 30. Bg5 Rf8 31. Re5 Nc8 32. Bxf6 Rxf6 33. Qxh5 g6 34. Qh4
Nd6 35. Rb8+ 1-0

[Event "4NCL/Div1/BAR1 vs. WGR"]
[Site "Sunningdale ENG"]
[Date "2008.05.03"]
[Round "9.3"]
[White "D'Costa, Lorin A R"]
[Black "Martin, Andrew D"]
[Result "1/2-1/2"]
[WhiteElo "2410"]
[BlackElo "2426"]
[PlyCount "32"]
[EventDate "2008.05.03"]
[EventCountry "ENG"]
[SourceDate "2007.09.15"]

1. c4 g6 2. g3 Bg7 3. Bg2 d6 4. Nc3 c6 5. e4 a6 6. a4 a5 7. Nge2 Na6 8. O-O Nh6
9. d3 O-O 10. h3 f5 11. Be3 e5 12. f4 Nf7 13. Kh2 Qe7 14. d4 exf4 15. Bxf4 fxe4
16. Nxe4 Bf5 1/2-1/2

[Event "4NCL/Div1/BAR1 vs. WGR"]
[Site "Sunningdale ENG"]
[Date "2008.05.03"]
[Round "9.4"]
[White "Sowray, Peter J"]
[Black "Knott, Simon"]
[Result "1/2-1/2"]
[WhiteElo "2335"]
[BlackElo "2356"]
[PlyCount "84"]
[EventDate "2008.05.03"]
[EventCountry "ENG"]
[SourceDate "2007.09.15"]

1. e4 e6 2. d4 d5 3. Nd2 c5 4. Ngf3 cxd4 5. Nxd4 Nf6 6. e5 Nfd7 7. N2f3 Nc6 8.
Bb5 Qb6 9. O-O Bc5 10. c3 O-O 11. Bd3 Ncxe5 12. Nxe5 Nxe5 13. Bxh7+ Kxh7 14.
Qh5+ Kg8 15. Qxe5 f6 16. Qg3 Bxd4 17. cxd4 Qxd4 18. Be3 Qe5 19. Qxe5 fxe5 20.
Bc5 Rf5 21. f3 e4 22. fxe4 dxe4 23. b4 Bd7 24. Rfe1 Bc6 25. Rad1 a5 26. a3 axb4
27. Bxb4 Rd5 28. Rc1 Rd3 29. Kf2 Rad8 30. Re3 Kf7 31. Rc5 Rxe3 32. Kxe3 Rd3+
33. Kf4 e3 34. Rc3 Rxc3 35. Bxc3 e2 36. g3 Bb5 37. h4 Bc4 38. Ke3 e5 39. Kf2
Ke6 40. Bb4 Kf5 41. Bf8 g6 42. Bd6 b5 1/2-1/2

[Event "4NCL/Div1/BAR1 vs. WGR"]
[Site "Sunningdale ENG"]
[Date "2008.05.03"]
[Round "9.6"]
[White "McDonald, Neil"]
[Black "Cox, John J"]
[Result "1/2-1/2"]
[WhiteElo "2386"]
[BlackElo "2380"]
[PlyCount "170"]
[EventDate "2008.05.03"]
[EventCountry "ENG"]
[SourceDate "2007.09.15"]

1. e4 e5 2. Nf3 Nc6 3. Bb5 Nf6 4. O-O Nxe4 5. d4 Nd6 6. Bxc6 dxc6 7. dxe5 Nf5
8. Qxd8+ Kxd8 9. b3 a5 10. a4 Bb4 11. Bb2 h6 12. Nc3 Ne7 13. Nd4 c5 14. Ndb5
Bf5 15. Rac1 Bxc3 16. Bxc3 Kc8 17. e6 f6 18. Rcd1 Bxe6 19. Rfe1 Ra6 20. Bxa5
Rxa5 21. Rxe6 Ng6 22. Re3 Ne5 23. f4 Nc6 24. Rg3 Rg8 25. Rd5 b6 26. Re3 Rd8 27.
Rxd8+ Kxd8 28. Rg3 g5 29. Rh3 Nd4 30. Rd3 Ke7 31. Nxd4 cxd4 32. Rxd4 Ke6 33.
Kf2 Ra8 34. Kf3 h5 35. Re4+ Kf5 36. fxg5 fxg5 37. Re7 Rc8 38. h3 h4 39. Rh7 c5
40. Rf7+ Kg6 41. Rb7 Rc6 42. Rd7 Re6 43. Rd2 Kf5 44. c3 Rf6 45. Rd8 g4+ 46.
hxg4+ Kg5+ 47. Ke3 Rg6 48. Kf3 Rf6+ 49. Ke4 Rg6 50. Ke3 Kxg4 51. Kf2 Rf6+ 52.
Kg1 Re6 53. Kh2 Re3 54. Rg8+ Kf4 55. Rg6 Rxc3 56. Rxb6 c4 57. bxc4 Rxc4 58. a5
Ra4 59. Ra6 Kg5 60. Ra8 Ra3 61. Kg1 Ra2 62. Kh2 Ra3 63. a6 Kg6 64. a7 Kg7 65.
Kg1 Ra2 66. Kf1 Kh7 67. Ke1 Kg7 68. Kd1 Kh7 69. Kc1 Kg7 70. Kb1 Ra6 71. Kc2 Kh7
72. Kb3 Kg7 73. Kb4 Ra1 74. Kc5 Kh7 75. Kd6 Kg7 76. Ke6 Ra6+ 77. Kf5 Kh7 78.
Kg5 h3 79. gxh3 Ra5+ 80. Kf6 Ra6+ 81. Ke5 Ra5+ 82. Kd6 Ra1 83. h4 Ra2 84. h5
Ra1 85. h6 Ra2 1/2-1/2

[Event "4NCL/Div1/BAR1 vs. WGR"]
[Site "Sunningdale ENG"]
[Date "2008.05.03"]
[Round "9.7"]
[White "Rogers, Jonathan W"]
[Black "Pokorna, Regina"]
[Result "1-0"]
[WhiteElo "2337"]
[BlackElo "2352"]
[PlyCount "121"]
[EventDate "2008.05.03"]
[EventCountry "ENG"]
[SourceDate "2007.09.15"]

1. d4 Nf6 2. c4 e6 3. Nc3 Bb4 4. Bd2 d5 5. e3 O-O 6. Nf3 b6 7. a3 Bd6 8. Rc1 a6
9. Qc2 Bb7 10. Bd3 Nbd7 11. e4 dxe4 12. Nxe4 Nxe4 13. Bxe4 Bxe4 14. Qxe4 e5 15.
O-O Nf6 16. Qh4 exd4 17. Nxd4 Re8 18. Bg5 Be5 19. Rcd1 Qc8 20. f4 Bxd4+ 21.
Rxd4 Qf5 22. Bxf6 Qxf6 23. Qxf6 gxf6 24. Kf2 c5 25. Rd6 Re4 26. Rxf6 Rxc4 27.
Rxb6 Rxf4+ 28. Kg1 Rc4 29. Rb7 Rf8 30. Rf3 Rc2 31. h3 c4 32. Rc3 Rxc3 33. bxc3
Rd8 34. Rb4 Rc8 35. Kf2 Rc6 36. Ke3 Kf8 37. Kd4 Rd6+ 38. Kxc4 Rd2 39. Rb6 Rxg2
40. Rxa6 Ke7 41. Rh6 f5 42. Kd4 Ra2 43. Ke5 Rxa3 44. Rxh7+ Kd8 45. c4 Rc3 46.
c5 f4 47. Kd6 Rd3+ 48. Kc6 Rg3 49. Rf7 Rxh3 50. Rf8+ Ke7 51. Rxf4 Rc3 52. Rd4
Rc1 53. Kb6 Rc2 54. c6 Rc1 55. Kc7 Ke6 56. Rd3 Rc2 57. Kb7 Ke7 58. c7 Rb2+ 59.
Kc8 Rc2 60. Rb3 Kd6 61. Kb8 1-0

[Event "4NCL/Div1/BAR2 vs. GUI1"]
[Site "Sunningdale ENG"]
[Date "2008.05.03"]
[Round "9.2"]
[White "Conquest, Stuart C"]
[Black "Twyble, Michael S"]
[Result "1-0"]
[WhiteElo "2530"]
[BlackElo "2271"]
[PlyCount "78"]
[EventDate "2008.05.03"]
[EventCountry "ENG"]
[SourceDate "2007.09.15"]

1. e4 e6 2. d4 d5 3. Nd2 c5 4. Ngf3 cxd4 5. exd5 Qxd5 6. Bc4 Qd6 7. O-O Nf6 8.
Nb3 Nc6 9. Nfxd4 Nxd4 10. Nxd4 a6 11. Re1 Qc7 12. Qe2 Bc5 13. c3 b5 14. Bd3 Bb7
15. Bg5 Bxd4 16. cxd4 Qc6 17. f3 Qd6 18. Qf2 Rd8 19. Rad1 h6 20. Bh4 Bd5 21.
Bb1 Rc8 22. Qd2 Nd7 23. Qd3 Bc4 24. Qe4 Bd5 25. Rc1 Rxc1 26. Rxc1 f5 27. Qe3
O-O 28. b3 Nb6 29. Rc5 Nd7 30. Rc1 Nb6 31. Be1 Rc8 32. Rc5 Rc6 33. Bg3 Qd7 34.
Bd3 Qc8 35. h4 Nd7 36. Rxd5 exd5 37. Bxf5 Qd8 38. Be6+ Kh8 39. Bxd5 Rg6 1-0

[Event "4NCL/Div1/BAR2 vs. GUI1"]
[Site "Sunningdale ENG"]
[Date "2008.05.03"]
[Round "9.3"]
[White "Berry, Neil"]
[Black "Hebden, Mark L"]
[Result "0-1"]
[WhiteElo "2316"]
[BlackElo "2518"]
[PlyCount "120"]
[EventDate "2008.05.03"]
[EventCountry "ENG"]
[SourceDate "2007.09.15"]

1. d4 Nf6 2. c4 g6 3. Nc3 Bg7 4. e4 d6 5. Nf3 O-O 6. h3 e5 7. d5 a5 8. Bg5 Na6
9. Nd2 Bd7 10. Be2 Nc5 11. h4 c6 12. h5 cxd5 13. Nxd5 Ne6 14. Nxf6+ Bxf6 15.
Bxf6 Qxf6 16. Bg4 b5 17. O-O bxc4 18. Nxc4 Bb5 19. Bxe6 Qxe6 20. b3 Bxc4 21.
bxc4 Rac8 22. Rc1 Rc5 23. hxg6 hxg6 24. Qa4 Rfc8 25. Rfe1 Kg7 26. Re3 Rxc4 27.
Rxc4 Rxc4 28. Qxa5 Rc2 29. Qd8 Rc1+ 30. Kh2 Rc8 31. Qa5 Qf6 32. Qd2 Rc4 33. Rh3
Rxe4 34. Qh6+ Kg8 35. Qc1 Qf4+ 36. Qxf4 Rxf4 37. Kg1 Ra4 38. Rd3 Ra6 39. g4 Kf8
40. a3 Ke7 41. f3 Ke6 42. Kf2 d5 43. Rb3 f5 44. gxf5+ Kxf5 45. Kg3 g5 46. Rd3
d4 47. Rb3 Ra8 48. Kf2 g4 49. fxg4+ Kxg4 50. Ke2 Kf4 51. Kd3 Ra4 52. Kd2 Ke4
53. Ke2 Ra8 54. Rh3 Rg8 55. Rh4+ Kd5 56. Rh7 Rb8 57. Kd2 Ra8 58. Rh3 Rg8 59.
Rh7 Rg2+ 60. Kd1 e4 0-1

[Event "4NCL/Div1/BAR2 vs. GUI1"]
[Site "Sunningdale ENG"]
[Date "2008.05.03"]
[Round "9.4"]
[White "Pert, Nicholas"]
[Black "Pritchett, Craig W"]
[Result "1-0"]
[WhiteElo "2545"]
[BlackElo "2315"]
[PlyCount "55"]
[EventDate "2008.05.03"]
[EventCountry "ENG"]
[SourceDate "2007.09.15"]

1. d4 Nf6 2. Nf3 e6 3. c4 Bb4+ 4. Bd2 c5 5. Bxb4 cxb4 6. g3 O-O 7. Bg2 d6 8.
O-O Nc6 9. Nbd2 Qb6 10. e3 a5 11. Rc1 Bd7 12. c5 dxc5 13. Rxc5 Qa6 14. Ng5 h6
15. Nge4 Nd5 16. Rxd5 exd5 17. Nc5 Qb5 18. Nxd7 Rfd8 19. Qg4 Kh8 20. Bh3 b6 21.
Rc1 b3 22. axb3 Rac8 23. Rc3 a4 24. Qd1 a3 25. bxa3 Ne7 26. Rxc8 Rxc8 27. Ne5
f5 28. Nf7+ 1-0

[Event "4NCL/Div1/BAR2 vs. GUI1"]
[Site "Sunningdale ENG"]
[Date "2008.05.03"]
[Round "9.5"]
[White "Lewis, Andrew P"]
[Black "Howell, David W L"]
[Result "0-1"]
[WhiteElo "2282"]
[BlackElo "2533"]
[PlyCount "60"]
[EventDate "2008.05.03"]
[EventCountry "ENG"]
[SourceDate "2007.09.15"]

1. Nf3 Nf6 2. c4 c5 3. Nc3 d5 4. cxd5 Nxd5 5. e4 Nb4 6. Bc4 Nd3+ 7. Ke2 Nxc1+
8. Rxc1 Nc6 9. Bd5 Nb4 10. d4 Nxd5 11. exd5 e6 12. Re1 Be7 13. dxc5 Bxc5 14.
dxe6 Bxe6 15. Qa4+ Kf8 16. Kf1 h5 17. Rxe6 fxe6 18. Rd1 Qe8 19. Ne5 Kg8 20. Qb3
Rh6 21. Ne4 Bb6 22. g3 Rd8 23. Rxd8 Qxd8 24. Qf3 Qf8 25. Qd3 Qf5 26. f4 h4 27.
Qf3 hxg3 28. hxg3 Rh2 29. g4 Qh7 30. g5 Rh3 0-1

[Event "4NCL/Div1/BAR2 vs. GUI1"]
[Site "Sunningdale ENG"]
[Date "2008.05.03"]
[Round "9.6"]
[White "Prie, Eric"]
[Black "Taylor, Peter"]
[Result "1-0"]
[WhiteElo "2520"]
[BlackElo "2237"]
[PlyCount "53"]
[EventDate "2008.05.03"]
[EventCountry "ENG"]
[SourceDate "2007.09.15"]

1. d4 Nf6 2. Nf3 d5 3. a3 c6 4. Bf4 Bf5 5. e3 e6 6. c4 Be7 7. Nc3 O-O 8. Be2
Nbd7 9. Nh4 Ne4 10. Nxf5 exf5 11. O-O Bg5 12. Bxg5 Qxg5 13. cxd5 Nxc3 14. bxc3
cxd5 15. Qb3 Nb6 16. a4 Rac8 17. a5 Nc4 18. Bxc4 Rxc4 19. Qxb7 Rxc3 20. Qxa7 f4
21. exf4 Qxf4 22. a6 Rc4 23. Qb7 Rb8 24. Qd7 Qxd4 25. a7 Ra8 26. Qb7 Rcc8 27.
Qxc8+ 1-0

[Event "4NCL/Div1/BAR2 vs. GUI1"]
[Site "Sunningdale ENG"]
[Date "2008.05.03"]
[Round "9.7"]
[White "Dorrington, Christopher"]
[Black "Kosten, Anthony C"]
[Result "0-1"]
[WhiteElo "2262"]
[BlackElo "2496"]
[PlyCount "32"]
[EventDate "2008.05.03"]
[EventCountry "ENG"]
[SourceDate "2007.09.15"]

1. e4 e6 2. d3 d5 3. Nd2 Nf6 4. Ngf3 Nc6 5. c3 e5 6. exd5 Qxd5 7. d4 exd4 8.
Bc4 Qh5 9. cxd4 Be6 10. Bxe6 fxe6 11. Qb3 O-O-O 12. Qxe6+ Kb8 13. O-O Nxd4 14.
Nxd4 Rxd4 15. Re1 Bb4 16. Nf3 Re8 0-1

[Event "4NCL/Div1/BAR2 vs. GUI1"]
[Site "Sunningdale ENG"]
[Date "2008.05.03"]
[Round "9.8"]
[White "Lalic, Susan"]
[Black "Bhatia, Kanwal K"]
[Result "1-0"]
[WhiteElo "2341"]
[BlackElo "2064"]
[PlyCount "81"]
[EventDate "2008.05.03"]
[EventCountry "ENG"]
[SourceDate "2007.09.15"]

1. e4 e5 2. Nf3 Nc6 3. d4 exd4 4. Nxd4 Bc5 5. Nxc6 Qf6 6. Qf3 dxc6 7. Nc3 Be6
8. Qxf6 Nxf6 9. f3 O-O-O 10. Bd3 h6 11. Ke2 g5 12. Na4 Bd4 13. c3 Be5 14. Nc5
Rhe8 15. Nxe6 Rxe6 16. Bc4 Re7 17. Be3 a6 18. g3 Ne8 19. Bd3 f5 20. exf5 Nf6
21. Bc4 Nd5 22. Bxd5 cxd5 23. Kd3 d4 24. cxd4 c5 25. Rhe1 Bxd4 26. Bxd4 Rxd4+
27. Kc2 Kd7 28. Rxe7+ Kxe7 29. Re1+ Kf7 30. Re5 c4 31. Re6 h5 32. Rb6 h4 33.
Rxb7+ Kf6 34. Rb6+ Kxf5 35. Rxa6 Rd3 36. Ra5+ Ke6 37. Rxg5 Rxf3 38. gxh4 Rf2+
39. Kc3 Rxh2 40. Rg4 Kd5 41. Rd4+ 1-0

[Event "4NCL/Div1/BET vs. GUI2"]
[Site "Sunningdale ENG"]
[Date "2008.05.03"]
[Round "9.1"]
[White "Hunt, Adam C"]
[Black "King, Daniel J"]
[Result "1/2-1/2"]
[WhiteElo "2453"]
[BlackElo "2518"]
[PlyCount "64"]
[EventDate "2008.05.03"]
[EventCountry "ENG"]
[SourceDate "2007.09.15"]

1. e4 c6 2. d4 d5 3. exd5 cxd5 4. c4 Nf6 5. Nc3 Nc6 6. Bg5 e6 7. c5 Be7 8. Nf3
O-O 9. Bb5 Ne4 10. Bxe7 Nxe7 11. O-O Nxc3 12. bxc3 b6 13. cxb6 axb6 14. Qe2 Qc7
15. Rfc1 Qa7 16. Ne5 Ba6 17. a4 Rfc8 18. Qb2 Qc7 19. c4 dxc4 20. Bxa6 Rxa6 21.
Rxc4 Qd8 22. Rxc8 Qxc8 23. Rc1 Qd8 24. Rc4 Ra8 25. h3 h6 26. Qb5 Qd6 27. Nd7
Nd5 28. Ne5 g5 29. Rc6 Qa3 30. Rc4 Qd6 31. Rc6 Qa3 32. Rc4 Qd6 1/2-1/2

[Event "4NCL/Div1/BET vs. GUI2"]
[Site "Sunningdale ENG"]
[Date "2008.05.03"]
[Round "9.3"]
[White "Pert, Richard G"]
[Black "Cherniaev, Alexander"]
[Result "1/2-1/2"]
[WhiteElo "2466"]
[BlackElo "2449"]
[PlyCount "74"]
[EventDate "2008.05.03"]
[EventCountry "ENG"]
[SourceDate "2007.09.15"]

1. d4 Nf6 2. Nf3 g6 3. c4 Bg7 4. Nc3 O-O 5. e4 d6 6. Be2 e5 7. Be3 Ng4 8. Bg5
f6 9. Bc1 exd4 10. Nxd4 f5 11. O-O Nc6 12. Nxc6 bxc6 13. h3 Nh6 14. Bxh6 Bxh6
15. Bf3 Rb8 16. b3 Bg7 17. Rc1 f4 18. c5 Be5 19. Ne2 Bd7 20. Nd4 Qf6 21. Rc4
dxc5 22. Ne2 Bd6 23. Nc1 Rb4 24. e5 Qxe5 25. Nd3 Qg5 26. Nxb4 cxb4 27. Kh1 c5
28. Qd5+ Qxd5 29. Bxd5+ Kg7 30. Re1 a5 31. Rce4 Kh6 32. Kg1 a4 33. Rd1 Bb5 34.
Bc4 Bc6 35. Bd5 Bb5 36. Bc4 Bc6 37. Bd5 Bb5 1/2-1/2

[Event "4NCL/Div1/BET vs. GUI2"]
[Site "Sunningdale ENG"]
[Date "2008.05.03"]
[Round "9.4"]
[White "Flear, Glenn C"]
[Black "Ledger, Andrew J"]
[Result "1/2-1/2"]
[WhiteElo "2508"]
[BlackElo "2421"]
[PlyCount "90"]
[EventDate "2008.05.03"]
[EventCountry "ENG"]
[SourceDate "2007.09.15"]

1. d4 d6 2. c4 e5 3. d5 Be7 4. Nc3 Bg5 5. Bxg5 Qxg5 6. Nf3 Qe7 7. e4 Nf6 8. Be2
O-O 9. O-O a5 10. Nd2 Na6 11. a3 Bd7 12. Rb1 c6 13. b4 axb4 14. axb4 c5 15.
bxc5 Nxc5 16. Ra1 Rfc8 17. h3 Qd8 18. Qc2 Rxa1 19. Rxa1 Ra8 20. Qb2 h6 21. Kh2
Rxa1 22. Qxa1 Qb6 23. f3 Qb4 24. Qc1 Ba4 25. Ndb1 Nfd7 26. Qa3 Qxa3 27. Nxa3
Kf8 28. h4 Ke7 29. g3 Bb3 30. Kg2 Na4 31. Nxa4 Bxa4 32. f4 exf4 33. gxf4 f5 34.
exf5 Kf6 35. Bd3 Nc5 36. Bc2 Bxc2 37. Nxc2 Nb3 38. Ne3 Nd4 39. h5 Nxf5 40. Ng4+
Kf7 41. Kf3 b6 42. Nf2 g6 43. hxg6+ Kxg6 44. Ne4 h5 45. Nc3 Kf6 1/2-1/2

[Event "4NCL/Div1/BET vs. GUI2"]
[Site "Sunningdale ENG"]
[Date "2008.05.03"]
[Round "9.8"]
[White "Sasu-Ducsoara, Andreea"]
[Black "Ledger, Stephen C"]
[Result "1-0"]
[WhiteElo "2247"]
[BlackElo "2148"]
[PlyCount "75"]
[EventDate "2008.05.03"]
[EventCountry "ENG"]
[SourceDate "2007.09.15"]

1. e4 c5 2. Nf3 Nc6 3. d4 cxd4 4. Nxd4 e5 5. Nb5 d6 6. c4 Be7 7. N1c3 a6 8. Na3
Be6 9. Bd3 Bg5 10. O-O Bxc1 11. Rxc1 Nf6 12. Nd5 O-O 13. Nc2 Rc8 14. Qd2 Nd7
15. b4 Ne7 16. Nce3 Nb6 17. Rfd1 Nbxd5 18. exd5 Bd7 19. c5 Ba4 20. Bc2 Bxc2 21.
Rxc2 f6 22. h4 g6 23. a3 Nf5 24. Nxf5 gxf5 25. c6 Qe7 26. Rdc1 f4 27. cxb7 Qxb7
28. Rc6 Rxc6 29. dxc6 Qe7 30. Qd5+ Kg7 31. Rd1 Rd8 32. a4 f5 33. b5 axb5 34.
axb5 Rb8 35. h5 f3 36. h6+ Kf8 37. Qxd6 Rxb5 38. Qd8+ 1-0

[Event "4NCL/Div1/CAMB1 vs. NWE1"]
[Site "Sunningdale ENG"]
[Date "2008.05.03"]
[Round "9.1"]
[White "Dearing, Eddie"]
[Black "Morrison, Graham"]
[Result "1-0"]
[WhiteElo "2383"]
[BlackElo "2332"]
[PlyCount "55"]
[EventDate "2008.05.03"]
[EventCountry "ENG"]
[SourceDate "2007.09.15"]

1. d4 Nf6 2. c4 e6 3. Nc3 Bb4 4. Qc2 c5 5. dxc5 O-O 6. a3 Bxc5 7. Nf3 b6 8. Bf4
Bb7 9. Rd1 Nc6 10. b4 Be7 11. e4 a5 12. b5 Nb8 13. e5 Nh5 14. Be3 Bxf3 15. gxf3
Bxa3 16. Bd3 f5 17. Na4 Bb4+ 18. Kf1 d6 19. Nxb6 Nd7 20. Nxd7 Qxd7 21. exd6
Bxd6 22. c5 Bf4 23. c6 Qe7 24. b6 Bxe3 25. fxe3 Qh4 26. b7 Rab8 27. c7 Qh3+ 28.
Kf2 1-0

[Event "4NCL/Div1/CAMB1 vs. NWE1"]
[Site "Sunningdale ENG"]
[Date "2008.05.03"]
[Round "9.2"]
[White "Hague, Ben"]
[Black "Moskovic, David M"]
[Result "0-1"]
[WhiteElo "2259"]
[BlackElo "2282"]
[PlyCount "80"]
[EventDate "2008.05.03"]
[EventCountry "ENG"]
[SourceDate "2007.09.15"]

1. e4 c5 2. a3 b6 3. b4 Bb7 4. Nc3 d6 5. g3 Nf6 6. Bg2 Nbd7 7. Nge2 e6 8. O-O
Qc7 9. f4 Be7 10. f5 e5 11. Nd5 Nxd5 12. exd5 Nf6 13. c4 cxb4 14. Qa4+ Qd7 15.
Qxd7+ Kxd7 16. axb4 Rhc8 17. d3 b5 18. cxb5 Rc2 19. Re1 Bd8 20. Be3 Bb6 21.
Bxb6 axb6 22. Rxa8 Bxa8 23. d4 Bxd5 24. dxe5 dxe5 25. Rd1 Kd6 26. Kf1 e4 27.
Nd4 Rb2 28. h3 Ke5 29. Nc6+ Kxf5 30. Ne7+ Ke5 31. Rc1 Nh5 32. Nxd5 Kxd5 33. Rc6
Nxg3+ 34. Kg1 Ne2+ 35. Kf1 Nf4 36. Bxe4+ Kxe4 37. Rxb6 Kf3 38. Ke1 Nd3+ 39. Kd1
Ke3 40. Rg6 Rd2# 0-1

[Event "4NCL/Div1/CAMB1 vs. NWE1"]
[Site "Sunningdale ENG"]
[Date "2008.05.03"]
[Round "9.3"]
[White "Eckersley-Waites, Adam"]
[Black "Lyell, Mark"]
[Result "1/2-1/2"]
[WhiteElo "2197"]
[BlackElo "2237"]
[PlyCount "89"]
[EventDate "2008.05.03"]
[EventCountry "ENG"]
[SourceDate "2007.09.15"]

1. e4 e5 2. Nf3 Nc6 3. Bb5 f5 4. Nc3 fxe4 5. Nxe4 Nf6 6. Nxf6+ Qxf6 7. O-O Be7
8. Re1 O-O 9. Bxc6 dxc6 10. d4 Bg4 11. dxe5 Qg6 12. Qd3 Qxd3 13. cxd3 Bxf3 14.
gxf3 Rad8 15. Be3 Rxd3 16. Rad1 Rfd8 17. Rxd3 Rxd3 18. f4 Kf7 19. f5 Rd5 20. f4
Ra5 21. a3 Rb5 22. Re2 c5 23. Kf2 Rb3 24. Rc2 a6 25. Kf3 b5 26. Ke4 c4 27. Bd4
Rd3 28. Rg2 Kf8 29. f6 gxf6 30. exf6 Bd6 31. Rg7 Bxf4 32. Rxh7 Rd2 33. Rh8+ Kf7
34. Rh7+ Kf8 35. Kxf4 Rxd4+ 36. Kg5 Rd2 37. Rh8+ Kf7 38. Rh7+ Kf8 39. h4 c5 40.
h5 Rxb2 41. Rc7 Rg2+ 42. Kf5 Rh2 43. Rc8+ Kf7 44. Rc7+ Kf8 45. Rc8+ 1/2-1/2

[Event "4NCL/Div1/CAMB1 vs. NWE1"]
[Site "Sunningdale ENG"]
[Date "2008.05.03"]
[Round "9.4"]
[White "Coates, Kenneth G"]
[Black "Churm, Rohan M"]
[Result "0-1"]
[WhiteElo "2234"]
[BlackElo "2196"]
[PlyCount "138"]
[EventDate "2008.05.03"]
[EventCountry "ENG"]
[SourceDate "2007.09.15"]

1. e4 e6 2. d4 d5 3. exd5 exd5 4. Bd3 Bd6 5. Qf3 Nc6 6. c3 Nf6 7. h3 h6 8. Ne2
Ne7 9. Bf4 Ng6 10. Bxg6 fxg6 11. Qg3 Bf5 12. Bxd6 Qxd6 13. Qxd6 cxd6 14. Nd2 g5
15. O-O Kd7 16. Rfe1 Rhe8 17. Ng3 Bg6 18. Ndf1 Rxe1 19. Rxe1 Re8 20. Rxe8 Nxe8
21. Ne3 Ke6 22. f3 Nf6 23. Kf2 Bb1 24. a3 Nd7 25. Ne2 Nb6 26. b3 a5 27. a4 Ba2
28. Nc1 Bb1 29. Ke2 Nc8 30. Kd2 Ne7 31. Nd3 Kd7 32. b4 axb4 33. Nxb4 Ke6 34. a5
Bg6 35. Kc1 Be8 36. Kb2 Bb5 37. Kb3 Be2 38. Ka4 g6 39. Kb3 h5 40. Kc2 Bb5 41.
Kd2 Ba6 42. Nxa6 bxa6 43. Kd3 Nc6 44. Nxd5 Kxd5 45. c4+ Ke6 46. d5+ Kd7 47.
dxc6+ Kxc6 48. Kd4 h4 49. Kd3 Kc5 50. Kc3 d5 51. cxd5 Kxd5 52. Kd3 Kc5 53. Ke4
Kb5 54. Ke5 Kxa5 55. Kf6 Kb5 56. Kxg6 a5 57. Kxg5 a4 58. Kxh4 a3 59. f4 a2 60.
f5 a1=Q 61. g4 Qf6+ 62. Kh5 Kc6 63. h4 Kd6 64. g5 Qxf5 65. Kh6 Qf8+ 66. Kh7 Qf4
67. g6 Qxh4+ 68. Kg8 Ke7 69. g7 Qg5 0-1